Love Letters a JATE-klubban. [Röv. hír.]
Elmentve itt :
| Dokumentumtípus: | Cikk |
|---|---|
| Megjelent: |
2000-02-09
|
| Sorozat: | Délmagyarország
90 No. 33 |
| Kulcsszavak: | JATE-klub |
| Online Access: | http://dmarchiv.bibl.u-szeged.hu/80668 |
| LEADER | 00406nab a2200145 i 4500 | ||
|---|---|---|---|
| 001 | delm80668 | ||
| 005 | 20191030090617.0 | ||
| 008 | 191030s2000 hu o 0|| hun d | ||
| 040 | |a SZTE Délmagyarország Archívum |b hun | ||
| 041 | |a hun | ||
| 245 | 0 | 0 | |a Love Letters a JATE-klubban. [Röv. hír.] |h [elektronikus dokumentum] |
| 260 | |c 2000-02-09 | ||
| 300 | |a 5 | ||
| 490 | 0 | |a Délmagyarország |v 90 No. 33 | |
| 695 | |a JATE-klub | ||